Evolúcia technologickej blízkosti univerzít a firiem v regiónoch východnej Európy

Technologická blízkosť univerzít a firiem v regiónoch východnej Európy. Otázka optimálnej úrovne technologickej blízkosti a toho či inovatívne regióny konvergujú v zmysle podobnosti ich aktérov, ktorých vzájomné vzťahy a interakcie tvoria tzv. „regionálny inovačný systém“. Hypotéza, že s rastúcou...

Descrizione completa

Salvato in:
Dettagli Bibliografici
Autore principale: Špurek, Miroslav, 1992-
Natura: Capitolo di libro
Lingua:slovacco
Soggetti:
Tags: Aggiungi Tag
Nessun Tag, puoi essere il primo ad aggiungerne!!

MARC

LEADER 00000naa a2200000 4500
001 0262862
005 20240502074157.5
041 0 |a slo 
044 |a SK 
245 1 0 |a Evolúcia technologickej blízkosti univerzít a firiem v regiónoch východnej Európy  |c Miroslav Špurek 
520 |a Technologická blízkosť univerzít a firiem v regiónoch východnej Európy. Otázka optimálnej úrovne technologickej blízkosti a toho či inovatívne regióny konvergujú v zmysle podobnosti ich aktérov, ktorých vzájomné vzťahy a interakcie tvoria tzv. „regionálny inovačný systém“. Hypotéza, že s rastúcou mierou transformácie ekonomík bývalého východného bloku sa výskum univerzít technologicky zbližuje s výskumom firiem. 
610 2 0 |a univerzity 
610 2 0 |a evolúcia 
610 2 0 |a firmy 
610 2 0 |a regióny 
610 2 0 |a technológie nové 
610 2 0 |a výkonnosť inovačná 
610 2 0 |a Európa 
100 1 |a Špurek, Miroslav, 1992-